书目信息 |
| 题名: |
蓄滞洪区洪水灾害风险分析与评估的研究及应用
|
|
| 作者: | 郭凤清 著 | |
| 分册: | ||
| 出版信息: | 北京 科学出版社 2016 |
|
| 页数: | 241页 | |
| 开本: | 24cm | |
| 丛书名: | ||
| 单 册: | ||
| 中图分类: | P426.616 | |
| 科图分类: | ||
| 主题词: | 洪水--水灾--风险分析--研究 | |
| 电子资源: | ||
| ISBN: | 978-7-03-049079-7 | |
| 000 | 01123nam0 2200229 450 | |
| 001 | 3847 | |
| 005 | 20181008161739.79 | |
| 010 | @a978-7-03-049079-7@dCNY128.00 | |
| 100 | @a20160826d2016 em y0chiy50 ea | |
| 101 | 0 | @achi |
| 102 | @aCN@b110000 | |
| 105 | @ay z 000yy | |
| 200 | 1 | @a蓄滞洪区洪水灾害风险分析与评估的研究及应用@9xu zhi hong qu hong shui zai hai feng xian fen xi yu ping gu de yan jiu ji ying yong@f郭凤清著 |
| 210 | @a北京@c科学出版社@d2016 | |
| 215 | @a241页@d24cm | |
| 300 | @a博士后文库 中国博士后科学基金资助出版 | |
| 330 | @a本书共8章,首先探讨洪水灾害风险研究及管理理论的发展及应用,审视我国主要蓄滞洪区的现状及问题,理清更适合于蓄滞洪区洪水灾害风险分析和评估的模型及手段。然后分别以现代洪水管理理念为中心,分析新常态下洪水风险管理的总体框架等内容;以灾害系统为中心,阐述承灾体脆弱性、易损性和洪水灾害危险性等相关内容;以洪水风险图为中心,阐述洪水风险图编制等内容。最后以潖江蓄滞洪区为实例开展洪水灾害风险分析及分洪规划研究。 | |
| 606 | 0 | @a洪水@x水灾@x风险分析@x研究 |
| 690 | @aP426.616@v5 | |
| 701 | 0 | @a郭凤清@9guo feng qing@4著 |
| 801 | 0 | @aCN@b91MARC@c20160826 |
| 905 | @aMuseLib@dP426.616@e116 | |
| 蓄滞洪区洪水灾害风险分析与评估的研究及应用/郭凤清著.-北京:科学出版社,2016 |
| 241页;24cm |
| 博士后文库 中国博士后科学基金资助出版 |
| ISBN 978-7-03-049079-7:CNY128.00 |
| 本书共8章,首先探讨洪水灾害风险研究及管理理论的发展及应用,审视我国主要蓄滞洪区的现状及问题,理清更适合于蓄滞洪区洪水灾害风险分析和评估的模型及手段。然后分别以现代洪水管理理念为中心,分析新常态下洪水风险管理的总体框架等内容;以灾害系统为中心,阐述承灾体脆弱性、易损性和洪水灾害危险性等相关内容;以洪水风险图为中心,阐述洪水风险图编制等内容。最后以潖江蓄滞洪区为实例开展洪水灾害风险分析及分洪规划研究。 |
| ● |
| 相关链接 |
|
|
|
|
正题名:蓄滞洪区洪水灾害风险分析与评估的研究及应用
索取号:P426.616/116
 
预约/预借
| 序号 | 登录号 | 条形码 | 馆藏地/架位号 | 状态 | 备注 |
| 1 | 1123931 | 211239319 | 第二样本阅览室/ [索取号:P426.616/116] | 在馆 | |
| 2 | 1123932 | 211239328 | 第三借阅区/ [索取号:P426.616/116] | 在馆 | |
| 3 | 1123933 | 211239337 | 密集书库-资源管理系/ [索取号:P426.616/116] | 在馆 |